Polscy wiceprzewodniczący Parlamentu Europejskiego - Statystyki

Ogólne statystyki
  • Ten quiz został rozwiązany 27 razy
  • Średni wynik to 3 z 9
Statystyki odpowiedzi
Lata urzędowania Polityk % Poprawnych
2019- (EPP) Ewa Kopacz
100%
2014-18 (ECR) Ryszard Czarnecki
43%
2004-07 (EPP) Janusz Saryusz-Wolski
36%
2018-19 (ECR) Zdzisław Krasnodębski
36%
2007-09 (UEN) Adam Bielan
21%
2017-19 (S&D) Bogusław Liberadzki
21%
2004-07 (ALDE) Janusz Onyszkiewicz
21%
2012-14 (EPP) Jacek Protasiewicz
7%
2007-09 (PES) Marek Siwiec
7%
Nie znaleziono quizów pasujących do podanych kryteriów
Rozkład punktacji
Procent ludzi z każdym wynikiem
Percentyl według liczby udzielonych odpowiedzi
Twoja historia wyników
Nie rozwiązałeś tego quizu